GSPICE for Windows (Record no. 66671)

000 -LEADER
fixed length control field 00404nam a22001697a 4500
003 - CONTROL NUMBER IDENTIFIER
control field NUST - PNEC
005 - DATE AND TIME OF LATEST TRANSACTION
control field 20170116181000.0
008 - FIXED-LENGTH DATA ELEMENTS--GENERAL INFORMATION
fixed length control field 150912b xxu||||| |||| 00| 0 eng d
020 ## - INTERNATIONAL STANDARD BOOK NUMBER
International Standard Book Number 0890068631
040 ## - CATALOGING SOURCE
Transcribing agency LIBRARY
082 ## - DEWEY DECIMAL CLASSIFICATION NUMBER
Classification number 621.3815 SIG
100 ## - MAIN ENTRY--PERSONAL NAME
9 (RLIN) 9462
Personal name SigCad
245 ## - TITLE STATEMENT
Title GSPICE for Windows
Statement of responsibility, etc. SigCad
260 ## - PUBLICATION, DISTRIBUTION, ETC.
Date of publication, distribution, etc. c.1996
650 ## - SUBJECT ADDED ENTRY--TOPICAL TERM
9 (RLIN) 9463
Topical term following geographic name entry element MS Communication
General subdivision MSCom
942 ## - ADDED ENTRY ELEMENTS (KOHA)
Source of classification or shelving scheme
Koha item type Book
Holdings
Withdrawn status Lost status Source of classification or shelving scheme Damaged status Not for loan Permanent Location Current Location Shelving location Date acquired Total Checkouts Full call number Barcode Date last seen Price effective from Koha item type
          Pakistan Navy Engineering College (PNEC) Pakistan Navy Engineering College (PNEC)       621.3815 SIG PNECLIb-019663 09/12/2015   Book
© 2023 Central Library, National University of Sciences and Technology. All Rights Reserved.